000 00991nas a2200325 4500
001 BR0404279
003 BR-BrBNA
005 20231205104805.0
007 ta
008 230509b bl.|||p| |||| 00| 00por d
040 _aBR-BrBNA
_bpor
_cBiblioteca Nacional de Agricultura
041 _a(Pt)
072 _aF04; F07
100 1 _aNascimento, J.T.
100 1 _aSilva, I. de F. da
245 1 _aAvaliação quantitativa e qualitativa da fitomassa de leguminosas para uso como cobertura de solo
650 _aLEGUMINOSA FORRAGEIRA
650 _aVARIEDADE
650 _aADUBO VERDE
650 _aMASSA
650 _aPRODUÇÃO VEGETAL
650 _aCOBERTURA DO SOLO
650 _aANÁLISE QUANTITATIVA
650 _aANÁLISE QUALITATIVA
650 _aPEDOLOGIA
650 _aCONSERVAÇÃO DO SOLO
773 0 _tCiência Rural (Brazil)
_xISSN 0103-8478
_g(May-Jun 2004), v. 34(3) p. 947-949
_wBR0404279
909 _a202311
_bLúcia
_c55
_dLúcia Elande
942 _2AGRIS
_n0
_cANA
999 _c179703
_d179703